000 00286nam a2200133Ia 4500
008 090124s9999 xx 000 0 und d
082 _b9428
_a2244
245 _a बंधन
250 _a0
300 _a219
630 _a बंधन
730 _a बंधन
942 _cBOOK
999 _c123477
_d123477